| 000 | 00553cam a22002171 4500 | ||
|---|---|---|---|
| 001 | 4070812 | ||
| 005 | 20180205075831.0 | ||
| 008 | 690303s1969 nju b 100 0 eng | ||
| 010 | _a 69015233 | ||
| 040 |
_aDLC _cDLC _dDLC |
||
| 041 | _aeng | ||
| 080 | _a658 | ||
| 082 | 0 | 0 | _a658 DRU |
| 100 | _a54 | ||
| 101 | _aLID | ||
| 245 | 0 | 0 |
_aPreparing tomorrow's business leaders today. _cPeter F. Drucker, editor. |
| 350 | _a10.00 | ||
| 504 | _aBibliographical footnotes. | ||
| 906 |
_a7 _bcbc _corignew _du _encip _f19 _gy-gencatlg |
||
| 942 |
_2ddc _cBK |
||
| 999 |
_c41798 _d41798 |
||